[Event "Sterlitamak-ch U15"]
[Site "Sterlitamak"]
[Date "2016.04.24"]
[Round "8.3"]
[White "Buzueva, Alexandra"]
[Black "Khakimov, Airat"]
[Result "0-1"]
[WhiteElo "1513"]
[BlackElo "1636"]
[PlyCount "54"]
[EventDate "2016.04.11"]
[EventType "swiss"]
[EventRounds "11"]
[EventCountry "RUS"]
[SourceTitle "EXT 2022"]
[Source "ChessBase"]
[SourceDate "2021.10.06"]
[SourceVersion "1"]
[SourceVersionDate "2021.10.06"]
[SourceQuality "1"]

1. e4 c5 2. Nf3 d6 3. d4 cxd4 4. Nxd4 Nf6 5. Nc3 Nc6 6. Bc4 g6 7. Be3 Bg7 8. f3 0-0 9. Qd2 Nd7 10. g4 Nb6 11. Bb5 Ne5 12. Qe2 a6 13. Bd3 Nxd3+ 14. Qxd3 Bd7 15. h4 Rc8 16. h5 Nc4 17. Bc1 Qb6 18. Nb3 Qb4 19. a3 Nxb2 20. Bxb2 Bxc3+ 21. Bxc3 Qxc3+ 22. Qxc3 Rxc3 23. Nd4 e5 24. Ne2 Rxf3 25. Rg1 Re3 26. Rb1 Rxe4 27. Rxb7 Bxg4 0-1

[Event "Tuimazy RB-ch Girls 02/03"]
[Site "Tuimazy"]
[Date "2015.08.18"]
[Round "4"]
[White "Buzueva, Alexandra"]
[Black "Kaspranova, Aigul"]
[Result "1-0"]
[WhiteElo "1492"]
[BlackElo "1478"]
[PlyCount "119"]
[EventDate "2015.08.18"]
[EventType "tourn"]
[EventRounds "6"]
[EventCountry "RUS"]
[SourceTitle "EXT 2022"]
[Source "ChessBase"]
[SourceDate "2021.10.06"]
[SourceVersion "1"]
[SourceVersionDate "2021.10.06"]
[SourceQuality "1"]

1. d4 d5 2. c4 c6 3. Nc3 Nf6 4. Nf3 Bf5 5. Bg5 e6 6. e3 Be7 7. cxd5 cxd5 8. Bb5+ Nfd7 9. Bxe7 Kxe7 10. Qb3 Nb6 11. Ne5 f6 12. Qb4+ Qd6 13. Qxd6+ Kxd6 14. Nf7+ Ke7 15. Nxh8 N8d7 16. Bxd7 Nxd7 17. 0-0 Rxh8 18. Rac1 Rc8 19. Nxd5+ Kd8 20. Rxc8+ Kxc8 21. Ne7+ Kd8 22. Nxf5 exf5 23. Rc1 g6 24. Kf1 Nb6 25. Rc5 Kd7 26. Ke2 Kd6 27. f3 Kd7 28. e4 fxe4 29. fxe4 Kd6 30. Kf3 Kd7 31. Kf4 Kd6 32. e5+ fxe5+ 33. Rxe5 h6 34. Re8 Nd5+ 35. Kf3 Ne7 36. Rxe7 Kxe7 37. d5 b5 38. b4 a6 39. a3 h5 40. h4 Kd7 41. Ke4 Kd6 42. Kd4 Kd7 43. Kc5 Kd8 44. d6 Kd7 45. Kd5 Kd8 46. Kc6 Kc8 47. d7+ Kd8 48. g3 Ke7 49. Kc7 Ke6 50. d8Q Ke5 51. Qg5+ Kd4 52. Qxg6 Kc3 53. Qxh5 Kb3 54. Qf3+ Ka4 55. h5 a5 56. bxa5 Kxa5 57. Qb3 Ka6 58. Kc6 Ka7 59. Qxb5 Ka8 60. Qb7# 1-0

[Event "Tuimazy RB-ch Girls 02/03"]
[Site "Tuimazy"]
[Date "2015.08.18"]
[Round "5"]
[White "Zagrebina, Karina"]
[Black "Buzueva, Alexandra"]
[Result "1/2-1/2"]
[WhiteElo "1455"]
[BlackElo "1492"]
[PlyCount "79"]
[EventDate "2015.08.18"]
[EventType "tourn"]
[EventRounds "6"]
[EventCountry "RUS"]
[SourceTitle "EXT 2022"]
[Source "ChessBase"]
[SourceDate "2021.10.06"]
[SourceVersion "1"]
[SourceVersionDate "2021.10.06"]
[SourceQuality "1"]

1. e4 e5 2. Nf3 Nc6 3. Bc4 Nf6 4. Ng5 d5 5. exd5 Na5 6. Bb5+ c6 7. dxc6 bxc6 8. Bd3 h6 9. Ne4 Nxe4 10. Bxe4 Qh4 11. Qf3 Bd7 12. a3 Rc8 13. d3 Bd6 14. b4 Nb7 15. 0-0 0-0 16. Qd1 f5 17. g3 Qf6 18. Bg2 e4 19. Ra2 Be6 20. Bb2 Qg6 21. Ra1 Rcd8 22. Qc1 c5 23. Bc3 Rd7 24. Nd2 exd3 25. cxd3 f4 26. Bxb7 Rxb7 27. Ne4 Bh3 28. Re1 Qg4 29. Qd1 fxg3 30. Qxg4 gxh2+ 31. Kh1 Bxg4 32. Nxd6 Rxf2 33. Re3 Re7 34. Rae1 Rxe3 35. Rxe3 Bf3+ 36. Rxf3 Rxf3 37. bxc5 Rxd3 38. Bb4 Rd1+ 39. Kxh2 Rc1 40. a4 1/2-1/2